[Event "Iberoamerican-ch 7th"]
[Site "Linares"]
[Date "2019.08.14"]
[Round "5"]
[White "Flores, Diego"]
[Black "Huerga Leache, Mikel"]
[Result "1/2-1/2"]
[WhiteElo "2604"]
[BlackElo "2440"]
[PlyCount "89"]
[EventDate "2019.08.10"]
[EventType "swiss"]
[EventRounds "9"]
[EventCountry "ESP"]
[SourceTitle "CBM 191 Extra"]
[Source "ChessBase"]
[SourceDate "2019.09.30"]
[SourceVersion "1"]
[SourceVersionDate "2019.09.30"]
[SourceQuality "1"]

1. Nf3 Nf6 2. g3 b6 3. Bg2 Bb7 4. 0-0 g6 5. c4 Bg7 6. Nc3 0-0 7. d3 d5 8. Ne5 Nbd7 9. d4 e6 10. Bg5 h6 11. Nxd7 Qxd7 12. Bxf6 Bxf6 13. cxd5 Bxd5 14. Nxd5 exd5 15. Rc1 Rfd8 16. e3 Rac8 17. b4 Be7 18. Qb3 c5 19. bxc5 bxc5 20. dxc5 Bxc5 21. Rfd1 d4 22. exd4 Bxd4 23. Rxc8 Qxc8 24. Bd5 Qc5 25. Bxf7+ Kg7 26. Qb7 Qb6 27. Qxb6 Bxb6 28. Bd5 g5 29. Kg2 Kf6 30. f4 gxf4 31. gxf4 Rd6 32. Kf3 Rd8 33. h4 h5 34. Rd3 Rd7 35. Rd2 Rd8 36. Rd1 Rd7 37. Bb3 Rxd1 38. Bxd1 Bd8 39. Kg3 Kg6 40. Bc2+ Kh6 41. Ba4 Bf6 42. Be8 Be7 43. f5 Bf6 44. a4 a5 45. Bf7 1/2-1/2

[Event "Lorca op 7th"]
[Site "Lorca"]
[Date "2018.12.28"]
[Round "5"]
[White "Carbonell Sancho, Marc"]
[Black "Huerga Leache, Mikel"]
[Result "0-1"]
[WhiteElo "2153"]
[BlackElo "2448"]
[PlyCount "112"]
[EventDate "2018.12.26"]
[EventType "swiss"]
[EventRounds "9"]
[EventCountry "ESP"]
[SourceTitle "CBM 188 Extra"]
[Source "ChessBase"]
[SourceDate "2019.02.26"]
[SourceVersion "1"]
[SourceVersionDate "2019.02.26"]
[SourceQuality "1"]

1. e4 c5 2. Nf3 Nc6 3. d4 cxd4 4. Nxd4 Nf6 5. Nc3 e5 6. Ndb5 d6 7. Bg5 a6 8. Na3 b5 9. Nd5 Be7 10. Bxf6 Bxf6 11. c4 b4 12. Nc2 0-0 13. g3 Bg5 14. Bg2 Qa5 15. 0-0 Qc5 16. Qd3 Ra7 17. h4 Bh6 18. a3 b3 19. Qxb3 Rb7 20. Qc3 f5 21. b4 Qa7 22. exf5 Bxf5 23. Nde3 Nd4 24. Rae1 Bc8 25. c5 dxc5 26. Qxc5 Qxc5 27. bxc5 Rc7 28. Nxd4 exd4 29. Nd5 Rxc5 30. Ne7+ Kh8 31. Nxc8 Rfxc8 32. Rd1 Rd8 33. Rd3 g6 34. Bb7 a5 35. a4 Rc4 36. Ra1 Rd6 37. Bf3 Rb6 38. Bd5 Rc5 39. Bf3 Rc3 40. Ra3 Bd2 41. Kg2 Rb2 42. g4 Be1 43. Kf1 Rxa3 44. Rxa3 Bxf2 45. h5 Be3 46. Be2 Kg7 47. hxg6 hxg6 48. Rd3 Kf6 49. Bd1 Kg5 50. Be2 Kf4 51. Bd1 g5 52. Be2 Ra2 53. Bd1 Ke4 54. Rb3 Rf2+ 55. Ke1 d3 56. Bc2 Rxc2 0-1

[Event "Elgoibar 28th"]
[Site "Elgoibar"]
[Date "2018.12.12"]
[Round "1"]
[White "Napoli, Nicolo"]
[Black "Huerga Leache, Mikel"]
[Result "1/2-1/2"]
[WhiteElo "2289"]
[BlackElo "2448"]
[PlyCount "115"]
[EventDate "2018.12.12"]
[EventType "tourn"]
[EventRounds "9"]
[EventCountry "ESP"]
[EventCategory "7"]
[SourceTitle "CBM 187 Extra"]
[Source "ChessBase"]
[SourceDate "2018.11.04"]
[SourceVersion "1"]
[SourceVersionDate "2018.11.04"]
[SourceQuality "1"]

1. d4 Nf6 2. c4 b6 3. Nc3 Bb7 4. f3 d5 5. cxd5 Nxd5 6. e4 Nxc3 7. bxc3 e6 8. Be3 Be7 9. Nh3 0-0 10. Be2 c5 11. 0-0 Qc7 12. Qe1 Rd8 13. Qf2 Nd7 14. Rad1 a6 15. Bf4 Bd6 16. e5 Be7 17. Ng5 Nf8 18. Ne4 Bd5 19. Bd3 b5 20. Kh1 Qa5 21. Bb1 Rac8 22. Nxc5 Bxc5 23. dxc5 Qxc3 24. Rc1 Qa3 25. Rfd1 Ng6 26. Bg5 Re8 27. Bxg6 fxg6 28. Rc2 Rf8 29. Be7 Rxf3 30. Qe2 Re3 31. Qd2 Rxe5 32. Rc3 Qxa2 33. Qxa2 Bxa2 34. Ra3 Bd5 35. Rxa6 Re2 36. Rg1 b4 37. Rb6 Ra8 38. h4 b3 39. Bd6 Rc8 40. Kh2 h6 41. Kh3 Be4 42. Rxb3 Ra8 43. Rb8+ Rxb8 44. Bxb8 Kf7 45. g4 h5 46. Kg3 hxg4 47. Kxg4 e5 48. Ra1 Rg2+ 49. Kh3 g5 50. hxg5 Rxg5 51. Re1 Bf5+ 52. Kh2 e4 53. Rg1 Rh5+ 54. Kg2 e3 55. Kf3 Bd7 56. Bd6 Rh3+ 57. Rg3 e2 58. Kxe2 1/2-1/2

[Event "Guimaraes 2nd"]
[Site "Guimaraes"]
[Date "2018.10.07"]
[Round "6"]
[White "Huerga Leache, Mikel"]
[Black "Spraggett, Kevin"]
[Result "1/2-1/2"]
[WhiteElo "2446"]
[BlackElo "2513"]
[PlyCount "167"]
[EventDate "2018.10.04"]
[EventType "swiss"]
[EventRounds "7"]
[EventCountry "POR"]
[SourceTitle "CBM 186 Extra"]
[Source "ChessBase"]
[SourceDate "2018.08.24"]
[SourceVersion "1"]
[SourceVersionDate "2018.08.24"]
[SourceQuality "1"]

1. d4 Nf6 2. Nf3 e6 3. Bf4 d5 4. e3 Bd6 5. Bg3 0-0 6. Nbd2 c5 7. c3 Nc6 8. Bb5 Ne7 9. Bd3 Nf5 10. Bxf5 exf5 11. Bxd6 Qxd6 12. dxc5 Qxc5 13. 0-0 Re8 14. Qa4 Bd7 15. Qd4 Qe7 16. Nb3 b6 17. Qf4 g6 18. Rfd1 Rac8 19. Qh6 Qf8 20. Qxf8+ Kxf8 21. Rd4 Bc6 22. Rad1 h6 23. Rb4 Re7 24. Nfd4 Bd7 25. Rc1 Rce8 26. g3 g5 27. Ne2 Kg7 28. Ra1 Ne4 29. a4 Nc5 30. Nbc1 Kf6 31. a5 b5 32. Rd4 Be6 33. Rd1 Rb7 34. Nd3 Nxd3 35. Rxd3 b4 36. cxb4 Rxb4 37. b3 Rc8 38. Nd4 f4 39. exf4 gxf4 40. Kg2 a6 41. Kf3 fxg3 42. hxg3 Bd7 43. Rh1 Kg6 44. Rh4 Re8 45. Rd1 h5 46. Kg2 Rb7 47. Rd2 Re4 48. Rxe4 dxe4 49. Ne2 Bg4 50. Rd6+ Kg7 51. Nd4 Rc7 52. Rxa6 Rd7 53. f3 exf3+ 54. Nxf3 Bxf3+ 55. Kxf3 Rd3+ 56. Kf4 Rxb3 57. Rb6 Ra3 58. Ra6 Ra4+ 59. Kg5 Rg4+ 60. Kxh5 Rxg3 61. Rb6 Ra3 62. a6 Ra5+ 63. Kg4 Ra1 64. Kf5 Ra4 65. Ke5 Ra1 66. Kd5 Ra2 67. Kc6 Kf6 68. Kb7+ Ke5 69. a7 Rxa7+ 70. Kxa7 f5 71. Rb5+ Ke4 72. Rb4+ Ke3 73. Rb3+ Ke2 74. Rb2+ Ke3 75. Rb3+ Ke2 76. Kb6 f4 77. Rb2+ Ke3 78. Rb3+ Ke2 79. Kc5 f3 80. Rb2+ Ke3 81. Rb3+ Ke2 82. Kd4 f2 83. Rb2+ Kf3 84. Rb3+ 1/2-1/2

[Event "Guimaraes 2nd"]
[Site "Guimaraes"]
[Date "2018.10.06"]
[Round "5"]
[White "Fedorchuk, Sergey A"]
[Black "Huerga Leache, Mikel"]
[Result "1-0"]
[WhiteElo "2607"]
[BlackElo "2446"]
[PlyCount "57"]
[EventDate "2018.10.04"]
[EventType "swiss"]
[EventRounds "7"]
[EventCountry "POR"]
[SourceTitle "CBM 186 Extra"]
[Source "ChessBase"]
[SourceDate "2018.08.24"]
[SourceVersion "1"]
[SourceVersionDate "2018.08.24"]
[SourceQuality "1"]

1. e4 e6 2. d4 d5 3. Nd2 Nf6 4. e5 Nfd7 5. Ngf3 c5 6. c3 b6 7. Bb5 Ba6 8. a4 Be7 9. 0-0 Qc8 10. Qe2 Bxb5 11. axb5 Qb7 12. c4 0-0 13. cxd5 Qxd5 14. Ra4 a6 15. dxc5 axb5 16. Rxa8 Qxa8 17. cxb6 Qd5 18. b7 Rd8 19. Ne4 Nxe5 20. Nxe5 Qxe5 21. Qf3 Qd5 22. Bf4 e5 23. Be3 Rd7 24. Rc1 f5 25. Rc8+ Bf8 26. Nf6+ gxf6 27. Qxd5+ Rxd5 28. g3 f4 29. Rxb8 1-0

[Event "Guimaraes 2nd"]
[Site "Guimaraes"]
[Date "2018.10.06"]
[Round "4"]
[White "Huerga Leache, Mikel"]
[Black "Herrera Reyes, Jose Antonio"]
[Result "1-0"]
[WhiteElo "2446"]
[BlackElo "2343"]
[PlyCount "85"]
[EventDate "2018.10.04"]
[EventType "swiss"]
[EventRounds "7"]
[EventCountry "POR"]
[SourceTitle "CBM 186 Extra"]
[Source "ChessBase"]
[SourceDate "2018.08.24"]
[SourceVersion "1"]
[SourceVersionDate "2018.08.24"]
[SourceQuality "1"]

1. d4 Nf6 2. c4 c5 3. d5 b5 4. Qc2 g6 5. e4 Bg7 6. Nf3 0-0 7. cxb5 a6 8. Nc3 d6 9. bxa6 Qa5 10. a7 Na6 11. Bd2 Nb4 12. Qb1 Rxa7 13. a3 e6 14. Be2 exd5 15. 0-0 dxe4 16. Nxe4 Nxe4 17. Qxe4 Bf5 18. Qh4 Re8 19. Rae1 Re4 20. axb4 Qc7 21. Bf4 f6 22. Qg3 Rxb4 23. Nd2 Qc6 24. Bxd6 h5 25. Bf3 Qb6 26. Re8+ Kh7 27. Bd5 Rg4 28. Bg8+ Kh8 29. Bd5+ Kh7 30. Nc4 Qb5 31. Qe3 g5 32. Bxc5 Rd7 33. Nd6 Rxd6 34. Bg8+ Kg6 35. Bxd6 Qc6 36. f3 Rxg2+ 37. Kxg2 Qxd6 38. Ba2 Qa6 39. Bb1 Bxb1 40. Rxb1 h4 41. Re1 Qb5 42. Qe2 Qb3 43. Re7 1-0

[Event "Guimaraes 2nd"]
[Site "Guimaraes"]
[Date "2018.10.04"]
[Round "1"]
[White "Ribeiro, Gustavo"]
[Black "Huerga Leache, Mikel"]
[Result "0-1"]
[WhiteElo "1467"]
[BlackElo "2446"]
[PlyCount "48"]
[EventDate "2018.10.04"]
[EventType "swiss"]
[EventRounds "7"]
[EventCountry "POR"]
[SourceTitle "CBM 186 Extra"]
[Source "ChessBase"]
[SourceDate "2018.08.24"]
[SourceVersion "1"]
[SourceVersionDate "2018.08.24"]
[SourceQuality "1"]

1. e4 c5 2. Nf3 Nc6 3. Bc4 e6 4. 0-0 Nf6 5. d3 Be7 6. e5 Ng4 7. Bf4 g5 8. Nxg5 Ncxe5 9. Ne4 f5 10. f3 fxe4 11. fxg4 Ng6 12. dxe4 0-0 13. g3 b5 14. Bxb5 Qb6 15. Nc3 Bf6 16. e5 c4+ 17. Kg2 Bb7+ 18. Kh3 Nxf4+ 19. gxf4 Qe3+ 20. Rf3 Bxf3 21. Qe1 Bxg4+ 22. Kg2 Bh3+ 23. Kh1 Qf3+ 24. Kg1 Qg2# 0-1